| Tag |
First Indicator |
Second Indicator |
Subfields |
| LEADER |
00000cas a2200000 a 4500 |
| 001 |
in00000052055 |
| 005 |
20151007080302.0 |
| 008 |
790326c19789999vauqr p 0 a0eng c |
| 010 |
|
|
|a 82641646
|
| 016 |
7 |
|
|a 8800180
|2 DNLM
|
| 016 |
7 |
|
|a SR0060143
|2 DNLM
|
| 022 |
0 |
|
|a 0731-9487
|l 0731-9487
|2 1
|
| 029 |
1 |
|
|a NLM
|b 8800180
|
| 029 |
1 |
|
|a NLGGC
|b 056401043
|
| 029 |
1 |
|
|a NLGGC
|b 257387145
|
| 029 |
1 |
|
|a NZ1
|b 3910384
|
| 029 |
1 |
|
|a AU@
|b 000021802296
|
| 029 |
1 |
|
|a GEBAY
|b 10951396
|
| 035 |
|
|
|a (OCoLC)04783529
|
| 037 |
|
|
|b Learning Disability Quarterly, c/o Council for Learning Disabilities, P.O. Box 4014, Leesburg, VA 20177
|
| 040 |
|
|
|a SEA
|c SEA
|d MUL
|d COO
|d DLC
|d NSD
|d NST
|d DLC
|d NST
|d AIP
|d NST
|d NLM
|d NST
|d DLC
|d NST
|d OCLCQ
|d IUL
|d EYM
|d HUL
|d LVB
|d UQ1
|d OCLCQ
|d UtOrBLW
|
| 042 |
|
|
|a pcc
|a nsdp
|
| 049 |
|
|
|a TXAM
|
| 050 |
0 |
0 |
|a LC4704
|b .L424
|
| 060 |
0 |
0 |
|a W1
|b LE289L
|
| 082 |
0 |
4 |
|a 371.9/05
|
| 090 |
|
|
|a LC4704
|b .L431
|
| 210 |
0 |
|
|a Learn. disabil. q.
|
| 222 |
|
0 |
|a Learning disability quarterly
|
| 245 |
0 |
0 |
|a Learning disability quarterly :
|b journal of the Division for Children with Learning Disabilities.
|
| 264 |
|
1 |
|a [Kansas City, Kan.] :
|b The Division,
|c [1978?-]
|
| 300 |
|
|
|a volumes :
|b illustrations ;
|c 27 cm.
|
| 310 |
|
|
|a Quarterly
|
| 336 |
|
|
|a text
|b txt
|2 rdacontent
|
| 337 |
|
|
|a unmediated
|b n
|2 rdamedia
|
| 338 |
|
|
|a volume
|b nc
|2 rdacarrier
|
| 362 |
0 |
|
|a Vol. 1, no. 1 (winter 1978)-
|
| 500 |
|
|
|a Title from cover.
|
| 500 |
|
|
|a Subtitle varies.
|
| 500 |
|
|
|a Latest issue consulted: Volume 27, number 1 (winter 2004).
|
| 530 |
|
|
|a Also issued online.
|
| 550 |
|
|
|a Issued by: Council for Learning Disabilities, spring 1981-
|
| 650 |
|
0 |
|a Learning disabilities
|v Periodicals.
|
| 610 |
2 |
0 |
|a Council for Exceptional Children.
|b Division for Children with Learning Disabilities
|v Periodicals.
|
| 650 |
|
2 |
|a Learning Disorders
|v Periodicals.
|
| 710 |
2 |
|
|a Council for Exceptional Children.
|b Division for Children with Learning Disabilities.
|
| 710 |
2 |
|
|a Council for Learning Disabilities.
|
| 776 |
1 |
|
|t Learning disability quarterly (Online)
|w (DLC) 2005237247
|w (OCoLC)41157017
|
| 850 |
|
|
|a AAP
|a AU
|a CCC
|a CNoS
|a CSt
|a CU-Riv
|a CU-SB
|a CaAEU
|a CaBVaS
|a CaBVaU
|a CaMWU
|a CaNBSaM
|a CaOLU
|a CaOONL
|a CaSSU
|a DLC
|a DNLM
|a DeU
|a FU
|a GU
|a IC
|a INS
|a IaAS
|a IaU
|a InLP
|a InU
|a KMK
|a KPT
|a KyLoU
|a LU
|a MBMU
|a MBU
|a MChB
|a MdU
|a MiEM
|a MiU
|a MnU
|a MoKU
|a MoU
|a MsU
|a NBC
|a NBuU
|a NIC
|a NNStJ
|a NSyU
|a NcRS
|a NcU
|a NhU
|a NjR
|a NvU
|a OCU
|a OU
|a OkS
|a OkU
|a OrCS
|a OrU
|a PBL
|a PSt
|a PU
|a TxCM
|a TxDaM
|a TxU
|a ULA
|a UPB
|a UU
|a ViBlbV
|a ViW
|a VtU
|
| 891 |
2 |
0 |
|9 853
|8 1
|a v.
|b no.
|u 4
|v r
|i (year)
|j (season)
|w q
|
| 891 |
4 |
1 |
|9 863
|8 1.1
|a 27
|b 1
|i 2004
|j 24
|
| 994 |
|
|
|a C0
|b TXA
|
| 949 |
|
|
|a updated
|b h
|c 2011/9/6
|e coplinger
|f 9:28:08 am
|
| 999 |
|
|
|a MARS
|
| 999 |
f |
f |
|s 1cd5e725-1388-39fc-9cc1-b7668667f158
|i 326e72bf-c82f-3287-9ce2-d3b2de6fffeb
|t 0
|
| 952 |
f |
f |
|p ric
|a Texas A&M University
|b Rellis Campus
|c Joint Library Facility
|d Remote Storage
|t 0
|e LC4704 .L431
|h Library of Congress classification
|i unmediated -- volume
|k v.3-4
|l 1980/1981
|m A14841723308
|
| 952 |
f |
f |
|p ric
|a Texas A&M University
|b Rellis Campus
|c Joint Library Facility
|d Remote Storage
|t 0
|e LC4704 .L431
|h Library of Congress classification
|i unmediated -- volume
|k v.9-10
|l 1986/1987
|m A14841723332
|
| 952 |
f |
f |
|p ric
|a Texas A&M University
|b Rellis Campus
|c Joint Library Facility
|d Remote Storage
|t 0
|e LC4704 .L431
|h Library of Congress classification
|i unmediated -- volume
|k v.11-12
|l 1988/1989
|m A14841723340
|
| 952 |
f |
f |
|p ric
|a Texas A&M University
|b Rellis Campus
|c Joint Library Facility
|d Remote Storage
|t 0
|e LC4704 .L431
|h Library of Congress classification
|i unmediated -- volume
|k v.26
|l 2003
|m A14831457863
|
| 952 |
f |
f |
|p ric
|a Texas A&M University
|b Rellis Campus
|c Joint Library Facility
|d Remote Storage
|t 0
|e LC4704 .L431
|h Library of Congress classification
|i unmediated -- volume
|k v.31
|l 2008
|m A14834788310
|
| 952 |
f |
f |
|p ric
|a Texas A&M University
|b Rellis Campus
|c Joint Library Facility
|d Remote Storage
|t 0
|e LC4704 .L431
|h Library of Congress classification
|i unmediated -- volume
|k v.19-20
|l 1996/1997
|m A14841723381
|
| 952 |
f |
f |
|p ric
|a Texas A&M University
|b Rellis Campus
|c Joint Library Facility
|d Remote Storage
|t 0
|e LC4704 .L431
|h Library of Congress classification
|i unmediated -- volume
|k v.28
|l 2005
|m A14833458506
|
| 952 |
f |
f |
|p ric
|a Texas A&M University
|b Rellis Campus
|c Joint Library Facility
|d Remote Storage
|t 0
|e LC4704 .L431
|h Library of Congress classification
|i unmediated -- volume
|k v.5-6
|l 1982/1983
|m A14841723316
|
| 952 |
f |
f |
|p ric
|a Texas A&M University
|b Rellis Campus
|c Joint Library Facility
|d Remote Storage
|t 0
|e LC4704 .L431
|h Library of Congress classification
|i unmediated -- volume
|k v.30
|l 2007
|m A14837116172
|
| 952 |
f |
f |
|p ric
|a Texas A&M University
|b Rellis Campus
|c Joint Library Facility
|d Remote Storage
|t 0
|e LC4704 .L431
|h Library of Congress classification
|i unmediated -- volume
|k v.21
|l 1998
|m A14825992839
|
| 952 |
f |
f |
|p ric
|a Texas A&M University
|b Rellis Campus
|c Joint Library Facility
|d Remote Storage
|t 0
|e LC4704 .L431
|h Library of Congress classification
|i unmediated -- volume
|k v.13-14
|l 1990/1991
|m A14841723357
|
| 952 |
f |
f |
|p ric
|a Texas A&M University
|b Rellis Campus
|c Joint Library Facility
|d Remote Storage
|t 0
|e LC4704 .L431
|h Library of Congress classification
|i unmediated -- volume
|k v.7-8
|l 1984/1985
|m A14841723324
|
| 952 |
f |
f |
|p ric
|a Texas A&M University
|b Rellis Campus
|c Joint Library Facility
|d Remote Storage
|t 0
|e LC4704 .L431
|h Library of Congress classification
|i unmediated -- volume
|k v.23
|l 2000
|m A14828566409
|
| 952 |
f |
f |
|p ric
|a Texas A&M University
|b Rellis Campus
|c Joint Library Facility
|d Remote Storage
|t 0
|e LC4704 .L431
|h Library of Congress classification
|i unmediated -- volume
|k v.29
|l 2006
|m A14835077128
|
| 952 |
f |
f |
|p ric
|a Texas A&M University
|b Rellis Campus
|c Joint Library Facility
|d Remote Storage
|t 0
|e LC4704 .L431
|h Library of Congress classification
|i unmediated -- volume
|k v.27
|l 2004
|m A14833676722
|
| 952 |
f |
f |
|p ric
|a Texas A&M University
|b Rellis Campus
|c Joint Library Facility
|d Remote Storage
|t 0
|e LC4704 .L431
|h Library of Congress classification
|i unmediated -- volume
|k v.15-16
|l 1992/1993
|m A14841723365
|
| 952 |
f |
f |
|p ric
|a Texas A&M University
|b Rellis Campus
|c Joint Library Facility
|d Remote Storage
|t 0
|e LC4704 .L431
|h Library of Congress classification
|i unmediated -- volume
|k v.17-18
|l 1994/1995
|m A14841723373
|
| 952 |
f |
f |
|p ric
|a Texas A&M University
|b Rellis Campus
|c Joint Library Facility
|d Remote Storage
|t 0
|e LC4704 .L431
|h Library of Congress classification
|i unmediated -- volume
|k v.25
|l 2002
|m A14831796940
|
| 952 |
f |
f |
|p ric
|a Texas A&M University
|b Rellis Campus
|c Joint Library Facility
|d Remote Storage
|t 0
|e LC4704 .L431
|h Library of Congress classification
|i unmediated -- volume
|k v.24
|l 2001
|m A14829282888
|
| 952 |
f |
f |
|p ric
|a Texas A&M University
|b Rellis Campus
|c Joint Library Facility
|d Remote Storage
|t 0
|e LC4704 .L431
|h Library of Congress classification
|i unmediated -- volume
|k v.22
|l 1999
|m A14841723399
|
| 998 |
f |
f |
|a LC4704 .L431
|s v.14-31 (1991-2008)
|t 0
|l Remote Storage
|